000 00280nam a22001217a 4500
008 180129b xxu||||| |||| 00| 0 eng d
041 _aeng
080 _a616.31
100 _a5
101 _aSTO
245 _aDentistry for the child and adolescent
_cDonald,R.E
942 _2udc
_cBK
999 _c41148
_d41148